004160000a2200145000450024500680000065000140006865000290008265000210011165000170013265000170014965100150016604100130018110000220019477300540021610aSpondias mombin is culturally deprived in megafauna-free forest14aMegafauna14aDispersión de semillas14aBosques deciduos14aFrugivoría14aHerbivoría 4pCosta Rica0 aInglés1 aJanzen, Daniel H.1 tJournal of Tropical Ecology312h1q131-155d1985